| 000 | 00820nam a22002297a 4500 | ||
|---|---|---|---|
| 005 | 20150730155921.0 | ||
| 008 | 140714b xxu||||| |||| 00| 0 Urdu d | ||
| 010 | _aUR-9270-71 | ||
| 020 | q | _c1000.00(Each) | |
| 035 | _aU-7825-26 | ||
| 037 | _bDBAD/Pub. | ||
| 040 |
_aDPL _bUrdu |
||
| 082 | _a840.8 | ||
| 100 | _aعبد ا لعليم قد و ا ئ | ||
| 245 |
_aصد ق حد يد کا تو ضيحی ا شا ر يہ :جلد ا و ل و د و م _cعبد ا لعليم قد و ا ئ |
||
| 246 |
_aSadaque Jadeed ka Touzihi Isharia(V.1 to 2) _bByAbdul Aleem Qidwai |
||
| 260 |
_aPatna _c2013 _bKhuda Bakhsh Oriental Pub. Lib. |
||
| 270 |
_aKhuda Bakhsh Oriental Pub. Lib. _bPatna _e4 _k - |
||
| 300 |
_a654p.V.1 ; 622p.V.2 _c22Cm (Hb) |
||
| 490 | _vVol.2 | ||
| 942 |
_2ddc _cUR _e _h840.8 _mق د و |
||
| 999 |
_c95376 _d95376 |
||